| 000 | 00948nam a2200241 i 4500 | ||
|---|---|---|---|
| 001 | bg | ||
| 100 | 1 | _aSTANUSZEK, Marek | |
| 245 | 1 | 0 |
_aModelowanie deformacji ustrojów wiotkich z uwzględnieniem więzów jednostronnych / _cMarek Stanuszek ; Politechnika Krakowska im. Tadeusza Kościuszki. |
| 260 |
_aKraków : _bPK, _c2004. |
||
| 300 |
_a199 s. : _bil. ; _c24 cm. |
||
| 490 | 1 | _aMonografia / Politechnika Krakowska im. Tadeusza Kościuszki. Seria Mechanika | |
| 500 | _aISSN i nr serii gł.: 0860-097X ; 303. - Streszcz. ang., niem. | ||
| 504 | _aBibliogr. | ||
| 650 | 9 |
_aKonstrukcje _xmechanika _xbadanie |
|
| 650 | 9 |
_aMembrana _xmechanika _xbadanie |
|
| 650 | 9 |
_aAnaliza numeryczna _astosowanie |
|
| 830 | 0 |
_aMonografia (Politechnika Krakowska im. Tadeusza Kościuszki). _pSeria Mechanika |
|
| 040 | _cBPK | ||
| 041 | 0 |
_apol _bengger |
|
| 080 | _a624.074.4/.5:53.3/.6:519.6 | ||
| 942 | _cKS | ||
| 008 | s pl f |000 0 pol | ||
| 999 |
_c45230 _d45230 |
||
| 856 |
_uhttp://koha.tu.koszalin.pl/cgi-bin/koha/opac-detail.pl?biblionumber=45230 _yKatalog online BPK |
||